000 00476nam a2200193Ia 4500
008 101110s9999 xx 000 0 und d
041 _aENGLISH
082 _bJR1550
100 _aPatkar M.G.
245 _aBook Keeping and Accountancy - XI
365 _b16.5
520 _aCommerce
546 _aENGLISH
630 _aBook Keeping and Accountancy - XI
650 _aCommerce
655 _aCommerce
730 _aBook Keeping and Accountancy - XI
942 _cBOOK
999 _c793865
_d793862